| 000 | 01082nam a22003377a 4500 | ||
|---|---|---|---|
| 003 | CHAP | ||
| 005 | 20220817040958.0 | ||
| 008 | 971013s1990 r 00010 d | ||
| 010 | _a3879 | ||
| 011 | _a4851 | ||
| 035 | _a4055 | ||
| 040 | _cCHAP | ||
| 090 | _aFolleto 12656 | ||
| 100 | 0 | 0 |
_aGarcía Angulo, José Luis. _945714 |
| 245 | _aGuía para cultivar arroz de temporal en el estado de Oaxaca | ||
| 260 |
_aOaxaca, Oax. : _bINIFAP. Centro de Investigaciones Forestales y Agropecuarias de Oaxaca, _c1990 |
||
| 300 | _a13 p | ||
| 490 |
_aFolleto para productores _v; 1 |
||
| 500 | _aD51-206 | ||
| 590 |
_aBATCH-UPD _b10 _c20130110 _lUCH01 _h1031 |
||
| 590 |
_aBATCH-UPD _b10 _c20130410 _lUCH01 _h0634 |
||
| 590 |
_aBATCH-UPD _b10 _c20130913 _lUCH01 _h2140 |
||
| 590 |
_aCONVERSION _b10 _c20130109 _lUCH01 _h1303 |
||
| 650 | 1 | 4 |
_aAgricultura de temporal. _91999 |
| 650 | 1 | 4 |
_aArroz _xOaxaca. _97640 |
| 650 | 1 | 4 |
_aArroz _xRendimiento. _97651 |
| 830 | 0 |
_aFolleto para productores _v; 1 |
|
| 901 | _aBK | ||
| 942 | _cFOLL | ||
| 949 |
_aFolleto 12656 _bBC _cFOLL _d-13586 _eTS1 _i4055 _si |
||
| 999 |
_c3879 _d3879 |
||